| 000 | 00737nam a22002297a 4500 | ||
|---|---|---|---|
| 003 | 0 | ||
| 005 | 20250827093734.0 | ||
| 008 | 250827b xxu||||| |||| 00| 0 eng d | ||
| 020 | _a978-93-5751-498-9 | ||
| 050 |
_aQA 76.76.C672 _b.S56 2025 |
||
| 100 |
_aSimpson, Phil, _eauthor. |
||
| 245 |
_aAlgorithms and networking for computer games / _cPhil Simpson. |
||
| 250 | _aFirst edition. | ||
| 260 |
_aNew Delhi, India : _bRandom Publications LLP, _c2025. |
||
| 300 |
_aix, 272 pages : _billustrations ; _c24 cm. |
||
| 504 | _aIncludes bibliographical references and index. | ||
| 650 |
_aComputer games _xProgramming. |
||
| 650 |
_aComputer games _xDesign. |
||
| 650 | _aComputer networks. | ||
| 650 | _aAlgorithms. | ||
| 942 |
_2lcc _cBK |
||
| 999 |
_c367626 _d367626 |
||